00486 a2200145 450000500170000002000180001708200200003510000170005524500450007225000110011726000340012830000840016270000150024685600790026120250506134751.0 a0-07-282107-8 aLECT 305.42 CRA aCRAWFORD, M. aWomen and Gender: A feminist Phycology.  a4th Ed aLondon,bMcGrwaw Hill,c2004. axxii, 526p.: ill.; figures, graphs, picture, tables,bindex, References,c23cm. aUNGER, R.  yAccess online BookfWomen and Gender: A feminist Phycology. dwww.mhhe.com